000
00310nam a22001337a 4500
003
SGT
020
_a
978-0-12-343011-9
082
_a
616.89
_b
E02H
100
_a
HERSEN, MICHEL
245
_a
ENCYCLOPEDIA OF PSYCHOTHERAPY VOL.1
260
_a
AMSTERDAM
_b
ACADEMIC PRESS
_c
2002
300
_a
957
942
_2
ddc
_c
BK
999
_c
18073
_d
18073